Which Country is Smaller? - Statistics

General Stats
  • This quiz has been taken 57 times
    56 since last reset
  • The average score is 9 of 15
Answer Stats
Question Answer % Correct
Which is smaller Bolivia or Colombia? Bolivia
83%
Which is smaller Algeria or Kazakhstan? Algeria
75%
Which is smaller USA or China? China
75%
Which is smaller Georgia or Ireland? Georgia
75%
Which is smaller Croatia or Bosnia and Herzegovina? Bosnia and Herzegovina
67%
Which is smaller Oman or Yemen? Oman
67%
Which is smaller Malta or Andorra? Malta
58%
Which is smaller Argentina or Mexico? Mexico
58%
Which is smaller Saudi Arabia or Mongolia? Mongolia
58%
Which is smaller South Africa or Egypt? Egypt
50%
Which is smaller Iran or Libya? Iran
50%
Which is smaller Austria or Panama? Panama
50%
Which is smaller Singapore or Bahrain? Singapore
50%
Which is smaller Switzerland or the Netherlands? Switzerland
50%
Which is smaller Lithuania or Latvia? Latvia
42%
No matching quizzes found
Score Distribution
Percent of People with Each Score
Percentile by Number Answered
Your Score History
You have not taken this quiz since the last reset